000
00224 a2200097 4500
001
7561
100
_a
Brade- Birks, A S
245
_a
Encyclopedia of General Knowledge
260
_a
_b
Eng University
_c
090
_c
6054
_d
6054
942
_a
NUST-CAE
_c
M
_c
32550
999
_c
242634
_d
242634